NFL Teams by Old Logos - Statistics

General Stats
  • This quiz has been taken 322 times
  • The average score is 30 of 32
Answer Stats
Picture Answer % Correct
Minnesota Vikings
99%
Philadelphia Eagles
99%
Los Angeles Chargers
98%
Buffalo Bills
97%
Dallas Cowboys
97%
Jacksonville Jaguars
97%
Miami Dolphins
97%
Seattle Seahawks
97%
Denver Broncos
96%
Los Angeles Rams
96%
Atlanta Falcons
95%
Kansas City Chiefs
95%
Las Vegas Raiders
95%
Carolina Panthers
94%
New Orleans Saints
94%
Baltimore Ravens
93%
Chicago Bears
93%
Detroit Lions
93%
Cleveland Browns
92%
New York Jets
92%
Tennessee Titans
92%
New England Patriots
91%
Indianapolis Colts
90%
Cincinnati Bengals
89%
Green Bay Packers
89%
Tampa Bay Buccaneers
89%
Washington Commanders
88%
Pittsburgh Steelers
87%
Houston Texans
86%
New York Giants
81%
Arizona Cardinals
80%
San Francisco 49ers
77%
No matching quizzes found
Score Distribution
Percent of People with Each Score
Percentile by Number Answered
Your Score History
You have not taken this quiz